The Emperor Akbar : (Record no. 9111)
[ view plain ]
| 000 -LEADER | |
|---|---|
| fixed length control field | 00611nam a2200217 a 4500 |
| 001 - CONTROL NUMBER | |
| JCCL Control Number | 9111 |
| 003 - CONTROL NUMBER IDENTIFIER | |
| JCCL marc code | BD-JhCC |
| 005 - DATE AND TIME OF LATEST TRANSACTION | |
| control field | 20180524104005.0 |
| 008 - FIXED-LENGTH DATA ELEMENTS--GENERAL INFORMATION | |
| fixed length control field | 171024s1973 IND |||| ||a| 000 0 eng d |
| 035 ## - SYSTEM CONTROL NUMBER | |
| system control number | (BD-JhCC)9111 |
| 040 ## - CATALOGING SOURCE | |
| Original cataloging agency | BD-JhCC |
| Modifying agency | BD-JhCC |
| 041 ## - LANGUAGE CODE | |
| Language code of Book | eng |
| 082 ## - DEWEY DECIMAL CLASSIFICATION NUMBER | |
| Classification number | 954 |
| Author mark and Year | AUG 1973 |
| 100 ## - MAIN ENTRY--PERSONAL NAME | |
| Personal name | Augustus, Frederick |
| 245 ## - TITLE STATEMENT | |
| Title | The Emperor Akbar : |
| Remainder of title | a contribution towards the history of India in the 16th Century / |
| Statement of responsibility, etc | Frederick Augustus |
| 260 ## - PUBLICATION, DISTRIBUTION, ETC. (IMPRINT) | |
| Place of publication, distribution, etc | India : |
| Name of publisher, distributor, etc | Printed in India, |
| Date of publication, distribution, etc | 1973. |
| 300 ## - PHYSICAL DESCRIPTION | |
| Pagination | 454 p. : |
| Dimensions | 21 cm. |
| 650 ## - SUBJECT ADDED ENTRY--TOPICAL TERM | |
| Topical term or geographic name as entry element | Magul Empire |
| Geographic subdivision | India |
| 942 ## - ADDED ENTRY ELEMENTS (KOHA) | |
| Source of classification or shelving scheme | Dewey Decimal Classification |
| Koha item type | Books |
| Source of classification or shelving scheme | volume number | Damaged status | Not for loan | Home library | Current library | Shelving location | Date of accession | Total Checkouts | Full call number | Barcode | Date last seen | Copy number | Koha item type |
|---|---|---|---|---|---|---|---|---|---|---|---|---|---|
| Dewey Decimal Classification | V-2 | JCC Rouf Library | JCC Rouf Library | General Stacks | 05/24/2018 | 954 AUG 1973 | 11059 | 05/24/2018 | C-1 | Books |